Sledovanie uplatnenia absolventa v praxi
Výsledky realizovaných prieskumov uplatnenia absolventov v praxi. Cieľom aktivít boli zistenia − potvrdenie výberu absolvovanej školy a naplnenie očakávaní z absolvovania fakulty, spokojnosť praxe s absolventom konkrétnej fakulty, uplatnenie a umiestnenie absolventa v praxi, stav zabezpečenia práce...
Saved in:
| Main Author: | |
|---|---|
| Format: | Book Chapter |
| Language: | Slovak |
| Subjects: | |
| Tags: |
No Tags, Be the first to tag this record!
|
MARC
| LEADER | 00000naa a2200000 4500 | ||
|---|---|---|---|
| 001 | 0238721 | ||
| 005 | 20220715112354.9 | ||
| 041 | 0 | |a slo | |
| 044 | |a SK | ||
| 245 | 1 | 0 | |a Sledovanie uplatnenia absolventa v praxi |c Kvetoslava Rešetová |
| 520 | |a Výsledky realizovaných prieskumov uplatnenia absolventov v praxi. Cieľom aktivít boli zistenia − potvrdenie výberu absolvovanej školy a naplnenie očakávaní z absolvovania fakulty, spokojnosť praxe s absolventom konkrétnej fakulty, uplatnenie a umiestnenie absolventa v praxi, stav zabezpečenia práce, otázky či absolvent pracuje/bude pracovať v odbore, ktorý vyštudoval na fakulte, ale i spôsob udržiavania kontaktu so školou po jej absolvovaní. | ||
| 610 | 2 | 0 | |a prieskum štatistický |
| 610 | 2 | 0 | |a absolventi |
| 610 | 2 | 0 | |a prax absolventská |
| 610 | 2 | 0 | |a prax odborná |
| 610 | 2 | 0 | |a trh práce |
| 610 | 2 | 0 | |a dotazníky |
| 100 | 1 | |a Rešetová, Kvetoslava | |